Normal view
MARC view
- Safdar, Muhammad
Entry Personal Name
001 - CONTROL NUMBER
- control field: 17031
003 - CONTROL NUMBER IDENTIFIER
- control field: NUST
005 - DATE AND TIME OF LATEST TRANSACTION
- control field: 20190708072727.0
008 - FIXED-LENGTH DATA ELEMENTS
- fixed length control field: 190708|| aca||aabn | a|a d
040 ## - CATALOGING SOURCE
- Original cataloging agency: NUST
- Transcribing agency: NUST
100 ## - HEADING--PERSONAL NAME
- Personal name: Safdar, Muhammad
670 ## - SOURCE DATA FOUND
- Source citation: Work cat.: (NUST): Safdar, Muhammad, Solvability of Systems of Differential Equations by Complex Symmetry Analysis /, 2013.
